Foreign aid accountability perspectives of donors and recipients report of the ninth United Nations/INTOSAI expert group meeting on government auditing (12 to 21 Sep. 1990, Vienna) (Record no. 475596)

000 -LEADER
fixed length control field 00552cam a22001457a 4500
008 - FIXED-LENGTH DATA ELEMENTS--GENERAL INFORMATION
fixed length control field 180718b1992 xxu||||| |||| 00| 0 eng d
082 ## - DEWEY DECIMAL CLASSIFICATION NUMBER
Classification number L9 Un3f
100 ## - MAIN ENTRY--PERSONAL NAME
Personal name United Nations. Technical Cooperation for Development
245 ## - TITLE STATEMENT
Title Foreign aid accountability perspectives of donors and recipients report of the ninth United Nations/INTOSAI expert group meeting on government auditing (12 to 21 Sep. 1990, Vienna)
260 ## - PUBLICATION, DISTRIBUTION, ETC.
Place of publication, distribution, etc. New York
Name of publisher, distributor, etc. The Author
Date of publication, distribution, etc. 1992
300 ## - PHYSICAL DESCRIPTION
Extent 200p.
650 ## - SUBJECT ADDED ENTRY--TOPICAL TERM
Topical term or geographic name entry element Economic Assistance
650 ## - SUBJECT ADDED ENTRY--TOPICAL TERM
Topical term or geographic name entry element Accounting
650 ## - SUBJECT ADDED ENTRY--TOPICAL TERM
Topical term or geographic name entry element Auditng
Holdings
Withdrawn status Lost status Damaged status Not for loan Permanent Location Current Location Date acquired Full call number Barcode Date last seen Price effective from Koha item type
        Indian Institute of Public Administration Indian Institute of Public Administration 2018-08-04 L9 Un3f GG21508 2018-08-04 2018-08-04 GG
        Indian Institute of Public Administration Indian Institute of Public Administration 2018-08-04 L9 Un3f GG21507 2018-08-04 2018-08-04 GG

Powered by Koha